Laboratório de emoções (Registo nº 35517)

Detalhes MARC
000 -Etiqueta do registo
Valores 00729nam a2200265 4500
010 ## - Número ISBN
ISBN 9789896614584
021 ## - Número do Depósito Legal
Código do país Portugal
Número 500379/22
100 ## - Dados gerais de processamento
Dados gerais 20221129d2022 m y0pory50030103ba
101 0# - Língua de publicação
Língua Português
102 ## - País de publicação
País Portugal
200 1# - Titulo e menção de responsabilidade
Título próprio Laboratório de emoções
Primeira menção de responsabilidade Tânia Correia
205 ## - Menção da edição
Edição 1ª ed
210 #9 - Publicação
Local de publicação Alfragide
Nome do editor Oficina do Livro,
Data de publicação 2022
215 ## - Descrição física 
Paginação / Volumes 231 p.
Outras indicações físicas il.
Dimensões 24 cm
606 ## - Nome comum usado como assunto
ID Autoridade 614
Palavra de ordem Desenvolvimento da criança
606 ## - Nome comum usado como assunto
ID Autoridade 6124
Palavra de ordem Relação pais-filhos
675 ## - CDU
Notação 159.923-055.2(035)
Edição BN
Língua por
675 ## - CDU
Notação 159.942-055.2(035)
Edição BN
Língua por
675 ## - CDU
Notação 316.47-055.5/.6(035)
Edição BN
Língua por
700 ## - Autor principal
Apelido Correia
Nome Tânia
Datas 1990-
ID Autoridade 6125
801 #0 - Fonte de origem
País PT
Agência BN
Regras de catalogação RPC
090 ## - Tipo de documento
Koha biblioitem number (autogenerated) 35517
990 ## - Elementos KOHA
Tipo de documento Livro
994 ## - Estado da catalogação
Situação Completo
Exemplares
Situação do levantamento Situação do extravio Biblioteca de origem Biblioteca de empréstimo Código de barras Cota Permissão de empréstimo Tipo de documento Forma de aquisição
  Completo Biblioteca Municipal de Viana Do Alentejo Biblioteca Municipal de Viana Do Alentejo 0034238 159.9 COR Disponível Livro Compra




Powered by Koha